000 00811nam a2200265 a 4500
008
020 _a9781848193802 (Paperback)
040 _aNUST
_cNUST
049 _aMAIN
090 _aRM723.A27
_bABB
100 1 _aAbbate, Skya.
245 1 0 _aAcupuncture strategies for complex patients :
_b from consultation to treatment /
_cSkya Abbate.
250 _aFirst Edition.
260 _aLondon :
_bSinging Dragon,
_c2019.
300 _a270 pages :
_billustrated ;
_c23 cm.
336 _atext
_btxt
_2rdacontent
337 _aunmediated
_bc
_2rdamedia
338 _avolume
_bnc
_2rdacarrier
500 _aIncludes index.
650 1 _aAcupuncture
907 _a.b10401015
_b03-05-21
_c20-04-21
003
005 20230123141152.0
942 _cBOOKS
_kRM723.A27
_mABB
999 _c168837
_d168837